000 00354nam a2200145Ia 4500
008 230917s9999||||xx |||||||||||||| ||und||
040 _e178080
_aMAIN
041 _aEnglish
082 _a843.09 B466K:C
100 _aKettle, Arnold
245 0 _aCousin betta
260 _aMilton Keynes
_bOpen University Press
_c1973
300 _a64 p.
942 _cBK
999 _c191547
_d191547